| 000 | 00412cam a2200169ua 4500 | ||
|---|---|---|---|
| 020 | _c1.00 | ||
| 041 |
_amal _h |
||
| 082 |
_a894.8121 _bBAL/AT |
||
| 100 | _aBalakrishnananair, N . | ||
| 245 |
_aAthma sangeetham / _cN Balakrishnan nair. _hTextual Documents |
||
| 260 |
_aUllur : _bUllur Publishers , _c1966. |
||
| 300 | _a47 ; . | ||
| 365 | _a1.00 | ||
| 504 | _a | ||
| 942 | _cBK | ||
| 999 |
_c5016 _d5016 |
||